| 000 | 01578nam a2200313 i 4500 | ||
|---|---|---|---|
| 001 | 768714001 | ||
| 003 | CO-MdFUSB | ||
| 005 | 20230208084333.0 | ||
| 007 | ta | ||
| 008 | 180314t1994 sp |||| |||| 00| 0 spa d | ||
| 020 | _a8487940064 | ||
| 040 |
_aCO-MdFUSB _bspa _cCO-MdFUSB _dCO-MdFUSBC _erda |
||
| 041 | 0 |
_aspa _heng |
|
| 082 | 0 | 4 |
_a227.3 _223 _bC3212d |
| 100 | 1 |
_aCarson, Donald A. _eautor |
|
| 240 | _aFrom triumphalism to maturity | ||
| 245 | 1 | 4 |
_aDel triunfalismo a la madurez _b: una nueva exposición de 2 Corintios 10-13 _c/ Donald A. Carson |
| 264 | 1 |
_aBarcelona, España : _b Andamio, _c[1994] |
|
| 264 | 4 | _c© 1994 | |
| 300 |
_a223 páginas _c; 20 cm |
||
| 336 |
_2rdacontent _atexto _btxt |
||
| 337 |
_2rdamedia _asin mediación _bn |
||
| 338 |
_2rdacarrier _avolumen _bnc |
||
| 505 | _aOrientación a 2 Corintios 10-13. -- La desobediencia contra la disciplina: Un llamamiento a la fe obediente (10:1-6). -- Lo peligroso de la auto-promoción espiritual: Cómo no gloriarse en el Señor (10:7-18). -- El peligro del falso apostolado: Derrumbando los falsos criterios (11:1-15). -- Cualidades triunfalistas: Respondiendo a los necios conforme a su necedad (11:16-33). -- Acabando con los visionarios superespirituales: Gloriarse en la debilidad (12:1-10). -- Reprensión directa: Los errores de los corintios y los motivos del apóstol (12:11-21). -- La advertencia y la oración: En busca de la madurez (13:1-14). | ||
| 563 | _aRústico | ||
| 630 | 0 | 7 |
_aBiblia. _pCorintios, 2ª _xCrítica, interpretación, etc |
| 942 | _cBK | ||
| 945 | _aJTF-925 | ||
| 999 |
_c34387 _d34387 |
||